The challenge of humanistic economics
Uloženo v:
| Hlavní autor: | |
|---|---|
| Médium: | Kniha |
| Jazyk: | Undetermined |
| Vydáno: |
London
The Benjamin/Cummings Publishing Company, Inc.
1979
|
| Témata: | |
| Tagy: |
Přidat tag
Žádné tagy, Buďte první, kdo otaguje tento záznam!
|
| Thư viện lưu trữ: | Trung tâm Học liệu Trường Đại học Cần Thơ |
|---|
| LEADER | 00521nam a2200181Ia 4500 | ||
|---|---|---|---|
| 001 | CTU_78499 | ||
| 008 | 210402s9999 xx 000 0 und d | ||
| 082 | |a 330.1 | ||
| 082 | |b L975 | ||
| 100 | |a Lutz, Mark A. | ||
| 245 | 4 | |a The challenge of humanistic economics | |
| 245 | 0 | |c Mark A. Lutz | |
| 260 | |a London | ||
| 260 | |b The Benjamin/Cummings Publishing Company, Inc. | ||
| 260 | |c 1979 | ||
| 650 | |a Economics,Economics | ||
| 650 | |x Psychological aspects | ||
| 980 | |a Trung tâm Học liệu Trường Đại học Cần Thơ | ||